| 000 | 00625nam a2200169Ia 4500 | ||
|---|---|---|---|
| 008 | 090123s9999 xx 000 0 und d | ||
| 082 | _b33645 | ||
| 100 | _aजायस्वाल जयनारायण | ||
| 245 | _aनिसर्गोपचार का व कसा ? | ||
| 250 | _a5 | ||
| 260 | _bराम रहिम | ||
| 600 | _aजायस्वाल जयनारायण | ||
| 630 | _aनिसर्गोपचार का व कसा ? | ||
| 700 | _aजायस्वाल जयनारायण | ||
| 730 | _aनिसर्गोपचार का व कसा ? | ||
| 942 | _cBOOK | ||
| 999 |
_c71704 _d71704 |
||